[Event "Curitiba-ch II IRT"]
[Site "Curitiba"]
[Date "2010.05.09"]
[Round "6"]
[White "Salles, Leandro Luiz Krause"]
[Black "Santana, Anderson Pereira"]
[Result "0-1"]
[WhiteElo "2140"]
[BlackElo "2059"]
[PlyCount "78"]
[EventDate "2010.05.07"]
[EventType "swiss"]
[EventRounds "6"]
[EventCountry "BRA"]
[SourceTitle "EXT 2022"]
[Source "ChessBase"]
[SourceDate "2021.10.06"]
[SourceVersion "1"]
[SourceVersionDate "2021.10.06"]
[SourceQuality "1"]

1. e4 e5 2. Nf3 Nc6 3. Bc4 Bc5 4. c3 Nf6 5. d3 d6 6. b4 Bb6 7. a4 a5 8. b5 Ne7 9. Bg5 Ng6 10. Nh4 Bxf2+ 11. Kxf2 Nxh4 12. Bxh4 Nxe4+ 13. dxe4 Qxh4+ 14. g3 Qxe4 15. Nd2 Qf5+ 16. Qf3 Qxf3+ 17. Nxf3 Be6 18. Bxe6 fxe6 19. Ke3 Ke7 20. Rhf1 Rhf8 21. c4 b6 22. Ke4 Rf6 23. Nd2 Raf8 24. Rxf6 gxf6 25. g4 Rg8 26. h3 h5 27. Kf3 f5 28. gxf5 exf5 29. Kf2 Ke6 30. Nf3 e4 31. Nd4+ Ke5 32. Ne2 d5 33. cxd5 f4 34. Re1 h4 35. Rd1 f3 36. Nd4 Rg3 37. Ne6 Rg2+ 38. Kf1 e3 39. Rd3 e2+ 0-1

[Event "Curitiba-ch II IRT"]
[Site "Curitiba"]
[Date "2010.05.08"]
[Round "4"]
[White "Aguiar, Djalma"]
[Black "Salles, Leandro Luiz Krause"]
[Result "0-1"]
[WhiteElo "1937"]
[BlackElo "2140"]
[PlyCount "60"]
[EventDate "2010.05.07"]
[EventType "swiss"]
[EventRounds "6"]
[EventCountry "BRA"]
[SourceTitle "EXT 2022"]
[Source "ChessBase"]
[SourceDate "2021.10.06"]
[SourceVersion "1"]
[SourceVersionDate "2021.10.06"]
[SourceQuality "1"]

1. d4 d5 2. c4 e6 3. Nf3 Nf6 4. g3 Be7 5. Bg2 0-0 6. 0-0 dxc4 7. Qc2 a6 8. Rd1 b5 9. Ne5 Nd5 10. e4 Nb4 11. Qe2 f6 12. Nxc4 bxc4 13. Qxc4 Kh8 14. a3 N4c6 15. Nc3 Bb7 16. b4 Qc8 17. Bh3 f5 18. f4 fxe4 19. Bxe6 Qe8 20. d5 Nd8 21. Nxe4 Nxe6 22. dxe6 Qc6 23. Qxc6 Bxc6 24. Nc5 a5 25. Bb2 Bf3 26. Rd3 Bg4 27. Re1 Re8 28. Kg2 axb4 29. axb4 Ra2 30. Rd2 Bf6 0-1

[Event "Curitiba-ch II IRT"]
[Site "Curitiba"]
[Date "2010.05.08"]
[Round "2"]
[White "Reichert, Thiago da Cruz"]
[Black "Salles, Leandro Luiz Krause"]
[Result "0-1"]
[WhiteElo "2029"]
[BlackElo "2140"]
[PlyCount "65"]
[EventDate "2010.05.07"]
[EventType "swiss"]
[EventRounds "6"]
[EventCountry "BRA"]
[SourceTitle "EXT 2022"]
[Source "ChessBase"]
[SourceDate "2021.10.06"]
[SourceVersion "1"]
[SourceVersionDate "2021.10.06"]
[SourceQuality "1"]

1. d4 d5 2. c4 e6 3. Nf3 Nf6 4. Nc3 Be7 5. e3 0-0 6. Bd3 b6 7. 0-0 dxc4 8. Bxc4 Bb7 9. a3 Nbd7 10. b4 c5 11. dxc5 bxc5 12. b5 Qc7 13. Be2 Ng4 14. h3 Nge5 15. Bb2 Rfd8 16. Nxe5 Qxe5 17. Bf3 Nb6 18. Qe2 Bxf3 19. gxf3 Qh5 20. Kg2 Bf6 21. Rad1 c4 22. Rxd8+ Rxd8 23. Rd1 Qg6+ 24. Kh2 Rd3 25. a4 h5 26. Rg1 Qf5 27. Ne4 Be5+ 28. f4 Bxf4+ 29. Ng3 Bxg3+ 30. Rxg3 e5 31. a5 Nd7 32. f4 c3 33. Bc1 0-1